| 000 | 00406nam a2200157 4500 | ||
|---|---|---|---|
| 005 | 20210921112014.0 | ||
| 037 |
_aBC_456 50 _fbroch |
||
| 040 |
_aBC-ENSA _bfre |
||
| 041 |
_afre _bfre |
||
| 100 | _aCLAASSEN, E.M. | ||
| 245 | _aMonnaie revenu national et prix | ||
| 260 |
_aPARIS _bDUNOD _c1968 |
||
| 562 | _e exemplaire(s) | ||
| 653 | _aPRIX/REVENU NATIONAL/MONNAIE/ECONOMIQUE | ||
| 942 | _c09 | ||
| 999 |
_c33607 _d61605 |
||